000 00725nam a2200241 4500
003 DO-SdBPM
005 20250731132211.0
007 ta
008 250731b1994 ag| 00| 0 spa d
020 _a9500508001
040 _aDO-SdBPM
_bspa
_cBPMSU
_drda
082 4 _a920
_bW959g 1994
_222
245 _aEl gulag chino /
_cHongda Harry Wu
264 _aArgentina :
_bEdiciones Correcidor,
_c1994
300 _a313 páginas
_c24 cm.
336 _atexto
_btxt
_2rdacontent
337 _asin mediación
_bn
_2rdamedia
338 _avolumen
_bnc
_2rdacarrier
650 7 _aPresos políticos
_xRelatos personales.
_zChina
651 7 _aChina
_xPolítica y gobierno
_y1949
910 _aVMateo V. Controld de calidad. BPMSU
942 _2ddc
_cBK
999 _c15302
_d15302